banner-ar

قصص من باكستان / (Record no. 41131)

MARC details
000 -الفاتح
حقل البيانات ثابتة الطول 00557nam a2200205Ia 4500
008 - عناصر البيانات ثابتة الطول - معلومات عامة
حقل البيانات ثابتة الطول 140319s9999 xx 000 0 ara d
040 ## - مصدر الفهرسة
وكالة الفهرسة الأصلية GCL /
وكالة النسخ GCL
082 04 - رقم تصنيف ديوى العشرى
رقم التصنيف 891.439
رقم المادة ش ق
100 1# - المدخل الرئيسى - إسم شخصى
الإسم الشخصى شرين
245 10 - بيان العنوان
العنوان قصص من باكستان /
بيان المسئوليه,etc شرين
700 1# - المدخل الاضافى - اسم شخصى
الإسم الشخصى ممتاز
700 1# - المدخل الاضافى - اسم شخصى
الإسم الشخصى شوكت
300 ## - الوصف المادى
التعداد 93
490 ## - بيان السلسلة
عنوان السلسلة كتاب
رقم المجلد/ التعيين التسلسلي 0
650 04 - المدخل الاضافى بالموضوع-مصطلح موضوعى
مصطلح موضوعي القصص القصيرة
650 04 - المدخل الاضافى بالموضوع-مصطلح موضوعى
مصطلح موضوعي الادب الباكستانى المترجم
650 04 - المدخل الاضافى بالموضوع-مصطلح موضوعى
مصطلح موضوعي القصص الباكستانية القصيرة
942 ## - عناصر المدخل الإضافي( كوها)
مصدر التصنيف او مخطط الترفيف Dewey Decimal Classification
Koha [default] item type كتاب
Holdings
حالة التراجع حالة الفقد حالة تلف ليس للاعارة المكان المؤقت الموقع الحالى تاريخ الاكتساب اجمالي اﻻعارات رقم الطلب الباركود تاريخ اخر مشاهدة تاريخ تفعيل السعر نوع وعاء كوها
        مكتبة القاهرة الكبرى مكتبة القاهرة الكبرى 03/26/2014   891.439\ش ق 99128 03/26/2014 03/26/2014 كتاب

Powered By

EGPV